000 00618nam a2200133Ia 4500
008 171212s9999 xx 000 0 und d
020 _a9780833041173
100 _aWilson, Jeremy M.;Jackson, Brian A.;Eisman, Mel;Steinberg, Paul;Riley, K. Jack
245 _cWilson, Jeremy M.;Jackson, Brian A.;Eisman, Mel;Steinberg, Paul;Riley, K. Jack
_aSecuring America's Passenger-Rail Systems
260 _bRAND Corporation
_c2007
650 _aPolitical Science
650 _aRailroads -- United States -- Passenger traffic; Transportation -- United States -- Passenger traffic
856 _uwww.jstor.org/stable/10.7249/mg705nij
999 _c352519
_d352519